Eastern Utah Libraries Catalog: Duchesne, Heber, Roosevelt, & Vernal

Corduroy's 4th of July / (Record no. 129283)

MARC details
000 -LEADER
fixed length control field 01633cam a2200409 a 4500
001 - CONTROL NUMBER
control field BK0007048301
003 - CONTROL NUMBER IDENTIFIER
control field DLC
005 - DATE AND TIME OF LATEST TRANSACTION
control field 20241220141739.0
008 - FIXED-LENGTH DATA ELEMENTS--GENERAL INFORMATION
fixed length control field 070829s2007 nyua b 000 1 eng d
010 ## - LIBRARY OF CONGRESS CONTROL NUMBER
LC control number 2007299075
020 ## - INTERNATIONAL STANDARD BOOK NUMBER
International Standard Book Number 9780670061594 : HRD
Terms of availability $5.99
020 ## - INTERNATIONAL STANDARD BOOK NUMBER
International Standard Book Number 067006159X : HRD
Terms of availability $5.99
037 ## - SOURCE OF ACQUISITION
Source of stock number/acquisition Penguin Group USA, Order Processing Dept 120 Woodbine st, Bergenfield, NJ, USA, 07621
Note SAN 282-5074
040 ## - CATALOGING SOURCE
Original cataloging agency BTCTA
Transcribing agency BTCTA
Modifying agency BAKER
-- WIQ
-- LEO
-- DLC
Description conventions rda
050 00 - LIBRARY OF CONGRESS CALL NUMBER
Classification number PZ7
Item number .C8153574 2007
082 04 - DEWEY DECIMAL CLASSIFICATION NUMBER
Classification number [E]
Edition number 22
092 ## - LOCALLY ASSIGNED DEWEY CALL NUMBER (OCLC)
Classification number E
092 ## - LOCALLY ASSIGNED DEWEY CALL NUMBER (OCLC)
Classification number E 22
100 ## - MAIN ENTRY--PERSONAL NAME
Personal name Freeman, Don (CRT)/ McCue, Lisa (ILT)
9 (RLIN) 6278275
245 00 - TITLE STATEMENT
Title Corduroy's 4th of July /
Statement of responsibility, etc based on the character created by Don Freeman ; illustrations by Lisa McCue.
246 3# - VARYING FORM OF TITLE
Title proper/short title Corduroy's Fourth of July
260 ## - PUBLICATION, DISTRIBUTION, ETC. (IMPRINT)
Place of publication, distribution, etc New York :
Name of publisher, distributor, etc Viking,
Date of publication, distribution, etc c2007.
264 ## - Production, Publication, Distribution, Manufacture, and Copyright Notice.
Place of production, publication, distribution, manufacture New York :
Name of producer, publisher, distributor, manufacturer Viking,
Date of production, publication, distribution, manufacture, or copyr 2007.
300 ## - PHYSICAL DESCRIPTION
Extent 16
Other physical details col. ill. ;
Dimensions 18 cm.
500 ## - GENERAL NOTE
General note On board pages.
520 ## - SUMMARY, ETC.
Summary, etc Corduroy and his friends celebrate the Fourth of July by having a picnic, marching in a parade, and watching fireworks.
650 #0 - SUBJECT ADDED ENTRY--TOPICAL TERM
Topical term or geographic name as entry element Board books.
9 (RLIN) 6278276
650 #1 - SUBJECT ADDED ENTRY--TOPICAL TERM
Topical term or geographic name as entry element Fourth of July
Form subdivision Fiction.
9 (RLIN) 5707598
650 #1 - SUBJECT ADDED ENTRY--TOPICAL TERM
Topical term or geographic name as entry element Teddy bears
Form subdivision Fiction.
9 (RLIN) 5742029
650 #1 - SUBJECT ADDED ENTRY--TOPICAL TERM
Topical term or geographic name as entry element Toys
Form subdivision Fiction.
9 (RLIN) 5684378
650 #1 - SUBJECT ADDED ENTRY--TOPICAL TERM
Topical term or geographic name as entry element Board books.
9 (RLIN) 6278276
700 1# - ADDED ENTRY--PERSONAL NAME
Personal name Freeman, Don,
Dates associated with a name 1908-1978.
9 (RLIN) 6278277
700 1# - ADDED ENTRY--PERSONAL NAME
Personal name McCue, Lisa,
Relator term ill.
9 (RLIN) 16986
856 42 - ELECTRONIC LOCATION AND ACCESS
Materials specified Contributor biographical information
Uniform Resource Identifier <a href="http://www.loc.gov/catdir/enhancements/fy0743/2007299075-b.html">http://www.loc.gov/catdir/enhancements/fy0743/2007299075-b.html</a>
856 42 - ELECTRONIC LOCATION AND ACCESS
Materials specified Publisher description
Uniform Resource Identifier <a href="http://www.loc.gov/catdir/enhancements/fy0743/2007299075-d.html">http://www.loc.gov/catdir/enhancements/fy0743/2007299075-d.html</a>
942 ## - ADDED ENTRY ELEMENTS (KOHA)
Koha item type BOOK
Source of classification or shelving scheme Dewey Decimal Classification
Holdings
Withdrawn status Lost status Source of classification or shelving scheme Damaged status Not for loan Collection code Home library Current library Shelving location Date acquired Source of acquisition Total Checkouts Total Renewals Full call number Barcode Date last seen Date checked out Cost, replacement price Price effective from Koha item type
    Dewey Decimal Classification     Children Holiday Board Books Wasatch County Library Wasatch County Library Main Floor Childrens Area 07/12/2023 Amazon 4 5 BB July 4th Freeman 34301002033407 07/14/2025 06/09/2025 5.99 07/12/2023 BOOK
This project was made possible through a grant from the Institute of Museum and Library Service administered by the Utah State Library Division.

Wasatch County Library

  • 465 East 1200 South, Heber City, Utah 84032
  • Phone 435-654-1511 | Fax 435-654-6456

Hours

  • Monday - Friday 9:30 AM - 8:00 PM
  • Saturday 9:30 AM - 1:30 PM
  • Closed Sundays and Holidays